000 01744 a2200277 4500
005 20090314112010.0
010 _aB-274663-666 G-002139
020 _c250.00
_a0143062123
020 _c250.00
_a9780143062127
035 _aB-274663-666 G-002139
037 _bUBH
082 _a320.954
100 _aJalan, Bimal
_951985
245 _aThe future of India:
_cby Bimal Jalan
_bpolitics, economics and governance /
260 _aNew Delhi
_bPenguin Books India
_c2006
270 _bNew Delhi
_c Delhi
_a11, Community Centre, Panchsheel Park, New Delhi
_e110017
300 _axvii, 212p
_c22cm(pbk)
942 _adpl
_cEN
_2ddc
_h320.954
_mJAL
999 _c25228
_d25228